The Soviet estimate : U.S. intelligence analysis & Russian military strength /

Bibliographic Details
Main Author: Prados, John
Format: Book
Language:English
Published: New York : Dial Press, [1982]
Subjects:

MARC

Tag First Indicator Second Indicator Subfields
LEADER 00000cam a2200000 a 4500
001 in00000095912
005 20150923173755.0
008 810922s1982 nyu b 00110 eng
010 |a  81015232  
020 |a 0385272111 :  |c $17.95 
035 |a (OCoLC)07837662 
035 |9 AAK8297AM 
039 0 |a 2  |b 3  |c 3  |d 3  |e 3 
040 |a DLC  |c DLC  |d OCL  |d TXA  |d UtOrBLW 
043 |a n-us---  |a e-ur--- 
049 |a TXAM  |c 1 [952335]  |a TXAS [mil] 
050 0 0 |a JK468 I6  |b  P72 
082 0 |a 327.1/2/0993  |2 19 
100 1 |a Prados, John. 
245 1 4 |a The Soviet estimate :  |b U.S. intelligence analysis & Russian military strength /  |c John Prados. 
264 1 |a New York :  |b Dial Press,  |c [1982] 
264 4 |c ©1982 
300 |a xv, 367 pages ;  |c 24 cm. 
336 |a text  |b txt  |2 rdacontent 
337 |a unmediated  |b n  |2 rdamedia 
338 |a volume  |b nc  |2 rdacarrier 
500 |a Includes index. 
504 |a Bibliography: pages [322]-352. 
610 1 0 |a United States.  |b Central Intelligence Agency. 
650 0 |a Intelligence service  |z United States. 
650 0 |a Strategic forces  |z Soviet Union. 
999 |a MARS 
999 f f |s 7a0a11b9-b4ea-31d6-8c64-0784202cd39b  |i 076bd3b7-2194-3cc4-b2a3-fd20e816e897  |t 0 
952 f f |p ric  |a Texas A&M University  |b Rellis Campus  |c Joint Library Facility  |d Remote Storage  |t 0  |e JK468 I6 P72  |h Library of Congress classification  |i unmediated -- volume  |m A14806280710 
952 f f |p noncirc  |a Texas A&M University  |b College Station  |c Cushing Memorial Library & Archives  |d Cushing: Ragan Military (Does not check out)  |t 0  |e JK468.I6 P72  |h Library of Congress classification  |i unmediated -- volume 
998 f f |a JK468.I6 P72  |t 0  |l Cushing: Ragan Military (Does not check out) 
998 f f |a JK468 I6 P72  |t 0  |l Remote Storage